000 00712nam a2200241 i 4500
003 DO-SdBNP
005 20241009095105.0
007 ta
008 240409s2006 dr 000 p spa d
020 _a9993464535
040 _aDO-SdBNP
_bspa
_cBNPHU
_erda
082 _bL576m
_222
100 _985194
245 1 3 _aMatemática recreativa para vencer el miedo a las matemáticas /
_cPascual Leocadio
264 _aSanto Domingo :
_bUniversitaria UASD,
_c2006
300 _a209 páginas :
_bilustraciones ;
_c22 cm.
336 _2rdacontent
_atexto
_btxt
337 _2rdamedia
_asin mediación
_bn
338 _2rdacarrier
_avolumen
_bnc
590 _aInventariado, 2024 / DG
910 _aDG
942 _2ddc
_cLBS1
999 _c57791
_d57791